| 000 | 00807nam a2200289Ia 4500 | ||
|---|---|---|---|
| 003 | OSt | ||
| 005 | 20221006142716.0 | ||
| 006 | a|||||r|||| 00| 0 | ||
| 007 | ta | ||
| 008 | 221006b |||||||| |||| 00| 0 eng d | ||
| 020 |
_a0824810112 _c251.00 |
||
| 020 | _a9780824810115 | ||
| 024 | _a6,992 | ||
| 037 | _cTextual | ||
| 040 |
_aEASL _cEASL _beng |
||
| 041 |
_2eng _aeng |
||
| 082 | _aQ4596xG53, M5 | ||
| 100 |
_aLAFLEUR William R _917876 |
||
| 245 | 0 | _aDogen studies | |
| 260 |
_aHonolulu _bUniversity of Hawaii Press _c1985 |
||
| 300 |
_a165p. _ccm. |
||
| 490 |
_v Gen _aStudies in East Asia Buddhism no.2 |
||
| 650 | _a Gen | ||
| 650 |
_aDogen - Addresseses esseys lectures _9648227 |
||
| 942 |
_hQ4596xG53, M5 _cTEXL _2CC |
||
| 999 |
_c1075078 _d1075078 |
||